Estadísticas para Prueba de Serbia

Haz click aquí para tomar la prueba!

Estadísticas generales

  • Esta prueba ha sido tomada 237 veces
  • La puntuación promedio es 10 de 15

Estadísticas de respuestas

PistaRespuesta% Correcto
Antiguo país que consistía en Serbia, Croacia, Bosnia y otrosYugoslavia
98%
CapitalBelgrado
96%
Región disputada que declaró su independencia en 2008Kosovo
92%
Península en la que se encuentra SerbiaBalcanes
90%
País con el que Serbia comparte su frontera más largaRumania
87%
La capital está construida en la confluencia de estos dos ríosDanubio
78%
El jugador de tenis es el número 1 del mundo en 2020Novak Djokovic
76%
Organización internacional que bombardeó Serbia en 1999OTAN
76%
Deporte que es jugado por Vlade Divac y Nikola JokićBaloncesto
68%
"Dictador benévolo" que gobernó ese país de 1953 a 1980Josip Broz Tito
67%
En 1914, un serbio bosnio llamado Gavrilo Princip causó un poco
de problemas cuando asesinó a este heredero real
Francisco Fernando
57%
El inventor serbio que ayudó a hacer realidad la energía de CANikola Tesla
56%
MonedaDinar
39%
La segunda ciudad más grande, su nombre significa "nuevo huerto"Novi Sad
34%
La capital está construida en la confluencia de estos dos ríosSava
25%

Distribución de puntuación

Porcentaje por número respondido

Porcentaje de gente con cada puntuación

Historial de tus puntuaciones

No has tomado esta prueba